Arizona, a century of growth (Record no. 128)
[ view plain ]
| 000 -LEADER | |
|---|---|
| fixed length control field | 00428nam a2200145 a 4500 |
| 005 - DATE AND TIME OF LATEST TRANSACTION | |
| control field | 20260322212007.0 |
| 008 - FIXED-LENGTH DATA ELEMENTS--GENERAL INFORMATION | |
| fixed length control field | data |
| 090 ## - LOCALLY ASSIGNED LC-TYPE CALL NUMBER (OCLC); LOCAL CALL NUMBER (RLIN) | |
| Classification number (OCLC) (R) ; Classification number, CALL (RLIN) (NR) | F 811 A759a 1963 |
| 001 - CONTROL NUMBER | |
| control field | data |
| 110 2# - MAIN ENTRY--CORPORATE NAME | |
| Corporate name or jurisdiction name as entry element | Arizona. State Employment Service. |
| 245 10 - TITLE STATEMENT | |
| Title | Arizona, a century of growth |
| Statement of responsibility, etc. | Arizona. State Employment Service. |
| 260 ## - PUBLICATION, DISTRIBUTION, ETC. | |
| Place of publication, distribution, etc. | Phoenix, Ariz. |
| Name of publisher, distributor, etc. | Arizona State Employment Service |
| Date of publication, distribution, etc. | 1963 |
| 650 #0 - SUBJECT ADDED ENTRY--TOPICAL TERM | |
| Topical term or geographic name entry element | Arizona |
| General subdivision | History |
| 650 #0 - SUBJECT ADDED ENTRY--TOPICAL TERM | |
| Topical term or geographic name entry element | Arizona |
| General subdivision | Economic conditions |
| Withdrawn status | Lost status | Damaged status | Not for loan | Home library | Current library | Shelving location | Date acquired | Total checkouts | Full call number | Barcode | Date last seen | Price effective from | Koha item type |
|---|---|---|---|---|---|---|---|---|---|---|---|---|---|
| Franklin | Franklin | General stacks | 22/03/2026 | GEN | BC0010132 | 22/03/2026 | 22/03/2026 | Books |